Subcampeones de Champions League, que nunca han ganado dicho titulo - Estadísticas

Estadísticas generales
  • Esta prueba ha sido intentada 123 veces
  • La puntuación promedio es 11 de 19
Estadísticas de respuestas
Subcampeonatos Equipo % Correcto
1973/742013/14 2015/16 Atlético de Madrid
94%
1999/00 2000/01 Valencia CF
94%
2019/20 Paris Saint-Germain FC
93%
2018/19 Totthenham Hotspur
92%
2001/02 Bayer 04 Leverkusen
77%
2003/04 AS Mónaco
76%
2005/06 Arsenal FC
71%
1983/84 AS Roma
59%
1956/57 Fiorentina
56%
1955/561958/59 Stade de Reims
55%
1991/92 UC Sampdoria
52%
1959/60 Eintracht Frankfurt
38%
1978/79 Malmö FF
35%
1965/66 Partizán de Belgrado
31%
1976/77 Borussia Mönchengladbach
29%
1970/71 Panathinaikos FC
28%
1977/78 Club Brujas KV
25%
1975/76 AS Saint-Etienne
23%
1974/75 Leeds United
23%
No se encontraron pruebas coincidentes
Distribución de puntuación
Porcentaje de gente con cada puntuación
Porcentaje por número respondido
Historial de tus puntuaciones
No has intentado esta prueba.